|
|
|
|
| LEADER |
00736nam a2200157Ia 4500 |
| 008 |
150624b xxu||||| |||| 00| 0 eng d |
| 999 |
|
|
|c 65981
|d 65981
|
| 082 |
|
|
|a 16.95483
|
| 245 |
|
|
|a Bibliography on Kerala:
|b Source material of books on Kerala in the legislature library /
|
| 250 |
|
|
|a 5th ed.
|
| 260 |
|
|
|a Thiruvananthapuram :
|b Secretariat of the Kerala Legislature,
|c 1984.
|
| 300 |
|
|
|a 2v.
|
| 500 |
|
|
|a Comp. by Lily Oomen and V Sundaresa Panicker
|
| 942 |
|
|
|c REF
|
| 952 |
|
|
|0 1
|1 0
|2 ddc
|4 1
|6 016_954830000000000_BIB_1
|7 0
|9 65958
|a UL
|b UL
|c Ref2
|d 2012-10-27
|h Vol.1
|l 0
|o 016.95483 BIB.1
|p G4831
|r 2012-10-27
|x R3
|y REF
|
| 952 |
|
|
|0 0
|1 0
|2 ddc
|4 0
|6 016_954830000000000_BIB_2
|7 0
|9 65959
|a UL
|b UL
|c REF
|d 2012-10-27
|h Vol.2
|l 0
|o 016.95483 BIB.2
|p G4832
|r 2012-10-27
|y REF
|